000 00424nam a2200157 i 4500
001 bg
100 1 _aKącki, Edward
_d(1925- ).
245 1 0 _aWybrane działy matematyki wyższej z ćwiczeniami /
_cEdward Kącki, Lucjan Siewierski.
250 _aWyd. 2 popr.
260 _aWarszawa,
_c1971.
700 1 _aSiewierski, Lucjan.
040 _cBPK
041 _apol
942 _cKS
008 950505s1971 pl f |000 0 pol
999 _c4142
_d4142
856 _uhttp://koha.tu.koszalin.pl/cgi-bin/koha/opac-detail.pl?biblionumber=4142
_yKatalog online BPK